000 01720 a2200217 4500
001 22301
005 20260407155512.0
008 260407a1973 arg spa d
003 AR-UNSa-BCEJYS
040 _aAR-UNSa-BCEJYS
_bspa
_cAR-UNSa-BCEJYS
080 _a342.9
_xDerecho Administrativo
245 1 0 _aTratado de derecho administrativo
250 _a2a
264 1 _aBuenos Aires :
_bAbeledo Perrot
_c1973
300 _a848 p.
_c23 cm.
505 _aTitulo VIII : 1. Limitaciones a la propiedad privada en interés público - 2. Restricciones administrativas - 3. Servidumbre administrativas - 4. Expropiación por utilidad pública - 5. Ocupación Temporanea - 6. Requisición - 7. Decomiso - 8. Confiscación - 9. Secuestro - Titulo IX : 1. Policia, poder de la policia - 2. Jurisdicción nacional y provincial respecto al poder de la policia: su deslinde - 3. La contravención - 4.La pena contravencional - 5. Clasificación de la policia - 6. Algunos supuestos particulares de ejercicio del poder de policia - 7. Limitaciones a la policia y a poder policia - 8. El poder de policia y la responsabilidad del estado - 9. De las contiendas en materia de policia - Titulo X: 1. Principios fundamentales - 2. Responsabilidad del estado por hechos o actos de la administración pública - 3. Responsabilidad del estado por sus actos legislativos - 4. Responsabilidad del estado por sus actos judiciales - 5. Supuestos particulares de responsabilidad del estado - 6. La responsabilidad extracontractural del estado en legislaciones extranjeras - 7. De las contiendas sobre responsabilidad del estado.
041 _aspa
942 _cBK
590 _aniveau_biblio:m niveau_hierar:0
100 1 _aMarienhoff, Miguel S.
999 _c956
_d956